• 首页
  • 本馆介绍
  • 公告通知
  • 最新文献
  • 馆藏检索
  • 电子资源
  • 读者导购
  • 参考咨询
  • 我的图书馆
  • 登录
  • 详细信息显示
  • 放入我的书架
  • 预约/预借图书
  • 作者相关作品
  • 分类相关作品
  • 丛书相关作品
  • 出版社相关作品

书目信息

  • 表格格式
  • 工作单格式
  • 卡片格式
书名: Data management
作者: Richard T. Watson.
分册号:
分册名:
出版地: New York :
 
出版社: Wiley
出版时间: c1996.
页数: xx, 568 p. :
开本: 24 cm.
丛书名:
中图分类号:
科图分类号:
其他分类号: C93
主题词:
电子资源: http://www.loc.gov/catdir/description/wiley032/95037071.html      http://www.loc.gov/catdir/toc/onix02/95037071.html     
000 01257pam a2200313 a 450
001 E0734169655
005 20070425093138.93
008 950808s1996 nyua b 001 0 eng
010    @a95037071
020    @a0-471-30534-0.
035    @A(DLC) 95037071
040    @aDLC@cDLC@dDLC
050 00 @aQA76.9.D3@bW37 1996
082 00 @a005.74@2 20
090    @aC93
099    @dC93@ex5
100 1  @aWatson, Richard Thomas.
245 10 @aData management :@ban organizational perspective / @cRichard T. Watson.
260    @aNew York :@bWiley,@cc1996.
260    @aNew York :@bNew York.
300    @axx, 568 p. :@bill. (some col.) ;@c24 cm.
504    @aIncludes bibliographical references and index.
650  0 @aDatabase management.
650  0 @aManagement information systems.
856 42 @3 Publisher description@uhttp://www.loc.gov/catdir/description/wiley032/95037071.html
856 4  @3 Table of Contents@uhttp://www.loc.gov/catdir/toc/onix02/95037071.html
906    @a7@bcbc@corignew@d1@eocip@f19@gy-gencatlg
955    @apc17 to sa00 08-08-95; jf06 to subj 08-09-95; jf11 to sl 08-10-95; jf13 08-10-95;aa05 08-14-95; bk. rec’d jd00 04-17-96; CIP ver jd11 05-10-96
991    @bc-GenColl@hQA76.9.D3@iW37 1996@p00034962236@tCopy 1@wBOOKS
    
    Data management : : an organizational perspective / / Richard T. Watson.-New York : : Wiley, , c1996.-New York : : New York.
    xx, 568 p. : : ill. (some col.) ; ; 24 cm.
    Includes bibliographical references and index.
    
    ISBN 0-471-30534-0.
    
●
相关链接 在E读中查询图书 在五车中查询图书 在当当中查询图书 在豆瓣中查询图书


正题名:Data management     索取号:C93/x5         预约/预借

序号 登录号 条形码 馆藏地/架位号 状态 备注
1 5060   300050600   第二样本阅览室/ [索取号:C93/x5] 在馆    
2 5061   300050619   密集书库/ [索取号:C93/x5] 在馆    
3 5062   300050628   密集书库/ [索取号:C93/x5] 在馆    
4 5063   300050637   第四借阅区/ [索取号:C93/x5] 在馆    
5 5064   300050646   第四借阅区/ [索取号:C93/x5] 在馆    
唐山师范学院图书馆 欢迎您!
大连网信软件有限公司© 版权所有